00309pab a2200121 454500008004000000100001600040245005800056260000900114300001200123362001100135650002100146773002000167180718b2002 xxu||||| |||| 00| 0 eng d aPowar, K.B. aWTO, GATS and higher education: an Indian perspective c2002 ap.5-13. a10 Jun aHigher education aUniversity News